000 01351nam0a22003131 4500
001 v19\rc\1919256
005 20251118180820.3
035 _a(NLR Aleph) 005024637
090 _a6626052
_c6626052
100 _a20251123 rusy50
101 0 _arus
102 _aRU
105 _aa z |||||
200 1 _aК вопросу о толковании периодической системы элементов
_eДокл., чит. в заседании Киев. физ.-хим. о-ва
_fС. Войнич-Сяноженцкий
210 _aКиев
_cтип. Имп. Ун-та св. Владимира, АО печ. и изд. дела Н.Т. Корчак-Новицкого
_d1912
215 _a[2], 35 с.
_cчерт.
_d25
311 _aОтт. из "Унив. изв." за 1912 г.
320 _aБиблиогр. в примеч.
488 0 _12001#$aУниверситетские известия$v1912
_tУниверситетские известия
700 1 _7ca
_8rus
_aВойнич-Сяноженцкий
_bС. Л.
_gСигизмунд Леонидович
_9250368
_3RU\NLR\AUTH\770250424
801 0 _aRU
_bNLR
_gpsbo
801 0 _aRU
_bRuMoRGB
_2psbo
801 1 _aRU
_bProSoft-M
_2rusmarc
852 _aNLR
_j20.36.9.499
899 _aRuMoRGB
_jB 19/537
899 _aБАН
942 _cBOOK
980 _aNB